| 000 | 01399cab a2200241 4500 | ||
|---|---|---|---|
| 001 | ##L131240 | ||
| 008 | 051010n2005 000 0 eng u | ||
| 035 | _a(Sirsi) u131240 | ||
| 041 | 0 | _aeng | |
| 100 | 1 | _aWilliamson, Hazel | |
| 245 | 0 | 0 | _aWhen efficacy is merely a matter of construction |
| 260 | 3 | _c2005 | |
| 490 |
_aEstates Gazette _v(0539) 1 October 2005, 133 (1) |
||
| 520 | _aConsiders the use of entire agreement clauses in construction contracts as a method of avoiding a variety of potential disputes. Advises however that they must be drafted with care: drafting of this kind of clause has been quite individual as there has never really been a standard form. The entire agreement clause must be wider than a mere statement that the written document forms the entirety of the agreement. Discusses the case law relevant to entire agreement clauses. Concludes that as long as parties seek to narrow the scope for their collateral liability, entire agreement clauses will continue to be ripe for scrutiny. | ||
| 590 | _aIKA111005 | ||
| 650 | 2 | 4 | _aINNTREPRENEUR PUB CO V EAST CROWN LTD |
| 650 | 2 | 4 | _aALMAN AND BENSON V ASSOCIATED NEWSPAPERS GROUP LTD |
| 650 | 2 | 4 | _aEXXONMOBIL SALES AND SUPPLY CORPORATION V TEXACO LTD |
| 650 | 2 | 4 | _aLIVERPOOL CITY COUNCIL V IRWIN |
| 650 | 2 | 4 | _aUNFAIR CONTRACT TERMS ACT 1977 |
| 690 | _aBUILT ENVIRONMENT-BUILDING CONTRACT FORMS | ||
| 942 | _n0 | ||
| 999 |
_c75998 _d75998 |
||